Woodfall's law of landlord and tenant Vol.1

Bibliographic Details
Main Authors: Woodfall, William (Author), Huskinson, Nicholas (Author), Wellings, V. G. (Author)
Format: Book
Language:English
Published: London : Sweet & Maxwel 1978
Edition:Twenty-eighth edition
Subjects:

MARC

LEADER 00000cam a2200000 7i4500
001 0000007188
005 20241001.0
008 000525 enk eng
020 |a 0421228202 
040 |a INS   |b eng   |e rda 
090 0 0 |a KD171   |b .W66 1978 
100 1 |a Woodfall, William ,   |e author 
245 1 0 |a Woodfall's law of landlord and tenant Vol.1   |c William Woodfall, V. G. Wellings, Nicholas Huskinson 
250 |a Twenty-eighth edition 
264 1 |a London :   |b Sweet & Maxwel   |c 1978 
336 |a text  |2 rdacontent 
337 |a unmediated  |2 rdamedia 
338 |a volume  |2 rdacarrier 
650 0 |a Landlord and tenant   |x Law and legislation 
650 0 |a Landlord and tenant   |z Great Britain 
700 1 |a Huskinson, Nicholas ,   |e author 
700 1 |a Wellings, V. G. ,   |e author 
999 |a 0000001051   |b BOOK   |c Open Shelf   |e Default branch